[Event "DEM U14 2017"]
[Site "Willingen GER"]
[Date "2017.06.08"]
[Round "7"]
[White "Post, Hugo"]
[Black "Trifan, Andrei Ioan"]
[Result "1/2-1/2"]
[Termination "normal"]
[Board "11"]
[WhiteElo "2019"]
[BlackElo "2176"]
[WhiteClock "00:04:59"]
[BlackClock "00:02:52"]
[PlyCount "117"]
[WhiteFideId "12962490"]
[BlackFideId "12967068"]
[EventCountry "GER"]
[EventRounds "9"]
[EventType "swiss"]
[EventDate "2017.06.03"]

1. e4 {[%clk 1:30:48]} 1... e5 {[%clk 1:30:54]} 2. Nf3 {[%clk 1:30:54]} 2...
Nc6 {[%clk 1:31:19]} 3. Bc4 {[%clk 1:30:49]} 3... Bc5 {[%clk 1:31:41]} 4. c3 {
[%clk 1:30:43]} 4... Nf6 {[%clk 1:32:04]} 5. d3 {[%clk 1:30:57]} 5... O-O {
[%clk 1:32:03]} 6. O-O {[%clk 1:30:51]} 6... d5 {[%clk 1:31:56]} 7. exd5 {
[%clk 1:29:45]} 7... Nxd5 {[%clk 1:32:20]} 8. Nbd2 {[%clk 1:28:55]} 8... Bg4 {
[%clk 1:31:45]} 9. Ne4 {[%clk 1:27:56]} 9... Bb6 {[%clk 1:32:02]} 10. h3 {
[%clk 1:26:09]} 10... Bh5 {[%clk 1:32:16]} 11. Ng3 {[%clk 1:24:57]} 11... Bg6 {
[%clk 1:30:08]} 12. Re1 {[%clk 1:14:52]} 12... Re8 {[%clk 1:25:34]} 13. Bg5 {
[%clk 0:48:22]} 13... f6 {[%clk 1:23:36]} 14. Be3 {[%clk 0:46:20]} 14... Na5 {
[%clk 1:16:35]} 15. Bxd5+ {[%clk 0:40:48]} 15... Qxd5 {[%clk 1:16:43]} 16. Bxb6
{[%clk 0:40:55]} 16... axb6 {[%clk 1:12:36]} 17. d4 {[%clk 0:39:47]} 17... e4 {
[%clk 0:57:52]} 18. Nd2 {[%clk 0:38:59]} 18... f5 {[%clk 0:54:36]} 19. Ne2 {
[%clk 0:32:51]} 19... Bf7 {[%clk 0:52:36]} 20. b3 {[%clk 0:28:06]} 20... Nc6 {
[%clk 0:52:24]} 21. Nc4 {[%clk 0:25:00]} 21... g6 {[%clk 0:50:36]} 22. a4 {
[%clk 0:23:03]} 22... Rad8 {[%clk 0:46:06]} 23. h4 {[%clk 0:18:12]} 23... Qd7 {
[%clk 0:41:13]} 24. Nf4 {[%clk 0:15:52]} 24... Qe7 {[%clk 0:38:01]} 25. g3 {
[%clk 0:14:54]} 25... Qf8 {[%clk 0:29:48]} 26. Qe2 {[%clk 0:13:58]} 26... Kh8 {
[%clk 0:29:06]} 27. Rad1 {[%clk 0:13:17]} 27... Qg8 {[%clk 0:28:05]} 28. Qf1 {
[%clk 0:10:06]} 28... Rd7 {[%clk 0:24:17]} 29. Rb1 {[%clk 0:07:47]} 29... Ra8 {
[%clk 0:19:52]} 30. Nd2 {[%clk 0:06:34]} 30... Na5 {[%clk 0:19:12]} 31. Qb5 {
[%clk 0:06:44]} 31... Re7 {[%clk 0:15:53]} 32. d5 {[%clk 0:05:52]} 32... Qg7 {
[%clk 0:14:24]} 33. Re3 {[%clk 0:05:48]} 33... c6 {[%clk 0:08:12]} 34. dxc6 {
[%clk 0:06:02]} 34... bxc6 {[%clk 0:08:42]} 35. Qxb6 {[%clk 0:06:24]} 35... Rd7
{[%clk 0:08:36]} 36. b4 {[%clk 0:05:03]} 36... Rxd2 {[%clk 0:05:53]} 37. bxa5 {
[%clk 0:05:29]} 37... Be8 {[%clk 0:06:14]} 38. a6 {[%clk 0:05:10]} 38... Rd7 {
[%clk 0:05:33]} 39. Ne6 {[%clk 0:03:33]} 39... Qe5 {[%clk 0:04:37]} 40. Nc5 {
[%clk 0:02:45]} 40... Rdd8 {[%clk 0:04:32]} 41. a7 {[%clk 0:25:46]} 41... Qe7 {
[%clk 0:30:30]} 42. Nb7 {[%clk 0:25:16]} 42... Rd2 {[%clk 0:29:47]} 43. Ree1 {
[%clk 0:24:03]} 43... f4 {[%clk 0:21:41]} 44. Rbd1 {[%clk 0:19:00]} 44... Qd7 {
[%clk 0:18:05]} 45. Rxd2 {[%clk 0:17:12]} 45... Qxd2 {[%clk 0:17:53]} 46. Rxe4
{[%clk 0:16:27]} 46... Qd1+ {[%clk 0:17:50]} 47. Kh2 {[%clk 0:11:51]} 47...
fxg3+ {[%clk 0:18:00]} 48. Kg2 {[%clk 0:05:04]} 48... Bf7 {[%clk 0:15:02]} 49.
Nc5 49... gxf2 {[%clk 0:06:03]} 50. Qb8+ {[%clk 0:05:25]} 50... Kg7 51. Qe5+
51... Kg8 {[%clk 0:04:33]} 52. Kxf2 {[%clk 0:05:08]} 52... Qd2+ {[%clk 0:02:45]
} 53. Re2 {[%clk 0:04:59]} 53... Qd8 {[%clk 0:02:52]} 54. Qe7 Qb6 55. Rd2 Bd5
56. c4 Rxa7 57. Qe8+ Kg7 58. Qe5+ Kg8 59. Qe8+ 1/2-1/2

[Event "DEM U14 2017"]
[Site "Willingen GER"]
[Date "2017.06.08"]
[Round "7"]
[White "Fidlin, Simon"]
[Black "Wagner, Benjamin"]
[Result "0-1"]
[Termination "normal"]
[Board "12"]
[WhiteElo "1841"]
[BlackElo "1991"]
[WhiteClock "00:06:02"]
[BlackClock "00:08:31"]
[PlyCount "122"]
[WhiteFideId "16217535"]
[BlackFideId "12957330"]
[EventCountry "GER"]
[EventRounds "9"]
[EventType "swiss"]
[EventDate "2017.06.03"]

1. e4 {[%clk 1:30:58]} 1... e5 {[%clk 1:30:59]} 2. Nf3 {[%clk 1:31:21]} 2...
Nc6 {[%clk 1:31:28]} 3. Bb5 {[%clk 1:31:44]} 3... a6 {[%clk 1:31:54]} 4. Ba4 {
[%clk 1:32:09]} 4... Nf6 {[%clk 1:32:22]} 5. d3 {[%clk 1:32:29]} 5... b5 {
[%clk 1:32:23]} 6. Bb3 {[%clk 1:32:53]} 6... Bc5 {[%clk 1:32:45]} 7. a4 { [%clk
1:33:17]} 7... Rb8 {[%clk 1:24:50]} 8. axb5 {[%clk 1:33:35]} 8... axb5 { [%clk
1:25:17]} 9. O-O {[%clk 1:33:48]} 9... d6 {[%clk 1:22:50]} 10. c3 { [%clk
1:32:43]} 10... h6 {[%clk 1:16:24]} 11. Nbd2 {[%clk 1:25:33]} 11... O-O { [%clk
1:16:17]} 12. Re1 {[%clk 1:23:35]} 12... Bb6 {[%clk 1:05:56]} 13. Nf1 { [%clk
1:19:50]} 13... Nh5 {[%clk 1:00:28]} 14. Ne3 {[%clk 1:05:47]} 14... Nf4 { [%clk
0:54:46]} 15. Nd5 {[%clk 1:00:12]} 15... Nxd5 {[%clk 0:54:27]} 16. Bxd5 { [%clk
0:58:51]} 16... Ne7 {[%clk 0:53:59]} 17. Bb3 {[%clk 0:57:54]} 17... Ng6 { [%clk
0:49:33]} 18. h3 {[%clk 0:48:59]} 18... Qf6 {[%clk 0:45:32]} 19. Be3 { [%clk
0:45:20]} 19... Nf4 {[%clk 0:42:45]} 20. Bxf4 {[%clk 0:41:20]} 20... Qxf4
{[%clk 0:42:56]} 21. Qd2 {[%clk 0:39:45]} 21... Qf6 {[%clk 0:40:42]} 22. Kh2 {
[%clk 0:33:13]} 22... Kh7 {[%clk 0:30:50]} 23. d4 {[%clk 0:30:57]} 23... g5 {
[%clk 0:27:05]} 24. dxe5 {[%clk 0:28:06]} 24... dxe5 {[%clk 0:27:27]} 25. Qd5 {
[%clk 0:27:24]} 25... Be6 {[%clk 0:21:18]} 26. Qd1 {[%clk 0:21:12]} 26... Bxf2
{[%clk 0:19:14]} 27. Bxe6 {[%clk 0:18:08]} 27... Qxe6 {[%clk 0:18:43]} 28. Re2
{[%clk 0:17:55]} 28... Rbd8 {[%clk 0:15:55]} 29. Qf1 {[%clk 0:12:12]} 29... Bb6
{[%clk 0:15:29]} 30. Rd1 {[%clk 0:11:46]} 30... c6 {[%clk 0:11:53]} 31. Red2 {
[%clk 0:10:06]} 31... Rxd2 {[%clk 0:11:08]} 32. Rxd2 {[%clk 0:09:53]} 32... Qf6
{[%clk 0:08:04]} 33. Qd1 {[%clk 0:05:40]} 33... Qf4+ {[%clk 0:06:34]} 34. Kh1 {
[%clk 0:05:22]} 34... Kg7 {[%clk 0:05:12]} 35. b3 {[%clk 0:03:09]} 35... Re8 {
[%clk 0:04:47]} 36. Rd7 {[%clk 0:02:53]} 36... Qxe4 {[%clk 0:03:25]} 37. Qd6 {
[%clk 0:02:00]} 37... Qd5 {[%clk 0:03:13]} 38. Qxd5 {[%clk 0:01:56]} 38... cxd5
{[%clk 0:03:41]} 39. Rxd5 {[%clk 0:02:18]} 39... e4 {[%clk 0:03:54]} 40. Ng1 {
[%clk 0:01:09]} 40... Bxg1 {[%clk 0:01:15]} 41. Kxg1 {[%clk 0:01:38]} 41... Rc8
{[%clk 0:01:00]} 42. Rxb5 {[%clk 0:00:59]} 42... Rxc3 {[%clk 0:00:54]} 43. Kf2
{[%clk 0:30:20]} 43... Rc2+ {[%clk 0:26:28]} 44. Kf1 {[%clk 0:29:02]} 44... Kg6
{[%clk 0:25:55]} 45. Re5 {[%clk 0:28:04]} 45... f5 {[%clk 0:25:30]} 46. Re6+ {
[%clk 0:21:49]} 46... Kh5 {[%clk 0:21:00]} 47. Re5 {[%clk 0:20:49]} 47... Kh4 {
[%clk 0:16:52]} 48. Rxf5 {[%clk 0:19:19]} 48... Kg3 {[%clk 0:17:07]} 49. b4 {
[%clk 0:16:39]} 49... Rc1+ {[%clk 0:16:04]} 50. Ke2 {[%clk 0:16:58]} 50... Kxg2
{[%clk 0:15:58]} 51. Rf6 {[%clk 0:16:29]} 51... Kxh3 {[%clk 0:15:48]} 52. Rxh6+
{[%clk 0:16:49]} 52... Kg3 {[%clk 0:16:07]} 53. b5 {[%clk 0:16:46]} 53... Rb1 {
[%clk 0:16:00]} 54. b6 {[%clk 0:16:45]} 54... g4 {[%clk 0:15:50]} 55. Ke3 {
[%clk 0:16:54]} 55... Rb4 {[%clk 0:12:32]} 56. Rg6 {[%clk 0:15:15]} 56... Kh3 {
[%clk 0:12:01]} 57. Kf4 {[%clk 0:15:31]} 57... e3+ {[%clk 0:11:09]} 58. Kxe3 {
[%clk 0:15:36]} 58... g3 {[%clk 0:10:54]} 59. Kf3 {[%clk 0:15:40]} 59... Rb3+ {
[%clk 0:10:52]} 60. Kf4 {[%clk 0:08:38]} 60... Kh2 {[%clk 0:08:31]} 61. Rg7 {
[%clk 0:06:02]} 61... Rxb6 0-1

[Event "DEM U14 2017"]
[Site "Willingen GER"]
[Date "2017.06.08"]
[Round "7"]
[White "Woelk, Tom-Frederic"]
[Black "Fromm, Marius"]
[Result "1-0"]
[Termination "normal"]
[Board "13"]
[WhiteElo "2033"]
[BlackElo "1750"]
[PlyCount "52"]
[WhiteFideId "12993077"]
[BlackFideId "12993190"]
[EventCountry "GER"]
[EventRounds "9"]
[EventType "swiss"]
[EventDate "2017.06.03"]

1. e4 c5 2. Nf3 d6 3. d4 cxd4 4. Nxd4 Nf6 5. Nc3 g6 6. f3 h5 7. Bc4 Bg7 8. Be3
Nc6 9. Qd2 Bd7 10. Nxc6 bxc6 11. O-O O-O 12. Rad1 Qc8 13. Bh6 Be6 14. Bxe6 Qxe6
15. Bxg7 Kxg7 16. Qg5 Rab8 17. b3 d5 18. exd5 Qd6 19. Ne4 Nxe4 20. fxe4 cxd5
21. exd5 Qa3 22. Rf2 Qxa2 23. Qxe7 Rbc8 24. Rdf1 Kh8 25. d6 f5 26. Qe5+ Kg8 1-0

[Event "DEM U14 2017"]
[Site "Willingen GER"]
[Date "2017.06.08"]
[Round "7"]
[White "Biermann, Florian"]
[Black "Paeslack, Luis"]
[Result "1-0"]
[Termination "normal"]
[Board "14"]
[WhiteElo "1853"]
[BlackElo "1856"]
[PlyCount "125"]
[WhiteFideId "12970069"]
[BlackFideId "12987760"]
[EventCountry "GER"]
[EventRounds "9"]
[EventType "swiss"]
[EventDate "2017.06.03"]

1. c4 c5 2. g3 g6 3. Bg2 Bg7 4. Nc3 Nc6 5. a3 a5 6. e4 e5 7. Nge2 Nge7 8. O-O
O-O 9. d3 d6 10. Be3 Rb8 11. Qd2 Nd4 12. Rab1 f5 13. f3 Nec6 14. Nd5 Nxe2+ 15.
Qxe2 Be6 16. exf5 Bxf5 17. b4 Nd4 18. Bxd4 cxd4 19. f4 Re8 20. g4 exf4 21. Qf3
Bd7 22. Nxf4 Bc6 23. Qf2 Qg5 24. b5 Bxg2 25. Qxg2 Re3 26. Rbd1 Rbe8 27. Qd5+
Qxd5 28. Nxd5 Re2 29. Rf2 Re1+ 30. Rxe1 Rxe1+ 31. Rf1 Re2 32. Rf2 Re1+ 33. Kg2
Be5 34. Nf4 Ra1 35. Ne6 Bg7 36. Nxg7 Kxg7 37. Rf4 Rxa3 38. Rxd4 Ra2+ 39. Kf3 a4
40. Rxd6 a3 41. Rd7+ Kf6 42. Rxb7 Ra1 43. Ra7 a2 44. Kg2 Ke6 45. d4 Kd6 46. c5+
Kd5 47. b6 Kc6 48. b7 Kc7 49. c6 Rb1 50. Rxa2 Kxc6 51. Ra7 Kd5 52. b8=Q Rxb8
53. Rxh7 Kxd4 54. Re7 Rb5 55. h4 Rb6 56. Kg3 Rf6 57. g5 Ra6 58. h5 Ra1 59. hxg6
Rg1+ 60. Kf4 Rf1+ 61. Kg4 Rg1+ 62. Kf5 Rf1+ 63. Ke6 1-0

[Event "DEM U14 2017"]
[Site "Willingen GER"]
[Date "2017.06.08"]
[Round "7"]
[White "Wu, Luka"]
[Black "Dahl, Christoph"]
[Result "0-1"]
[Termination "normal"]
[Board "15"]
[WhiteElo "1874"]
[BlackElo "1801"]
[PlyCount "120"]
[WhiteFideId "12977420"]
[BlackFideId "16240235"]
[EventCountry "GER"]
[EventRounds "9"]
[EventType "swiss"]
[EventDate "2017.06.03"]

1. e4 e5 2. Nf3 Nc6 3. Bb5 a6 4. Ba4 Nf6 5. O-O b5 6. Bb3 Be7 7. Re1 d6 8. c3
O-O 9. h3 Be6 10. d4 Bxb3 11. axb3 exd4 12. cxd4 d5 13. e5 Ne4 14. Nc3 Bb4 15.
Bd2 f5 16. exf6 Nxf6 17. Qc2 Qd6 18. Rec1 Ne7 19. Ne2 Bxd2 20. Nxd2 c6 21. Ng3
Qf4 22. Ne2 Qh4 23. Nf3 Qe4 24. Ng3 Qxc2 25. Rxc2 Rfc8 26. Ne5 Rc7 27. Ne2 Nd7
28. Nxd7 Rxd7 29. Nf4 Rd6 30. Nd3 Nf5 31. Nc5 Nxd4 32. Rd2 Ne6 33. b4 Nxc5 34.
bxc5 Re6 35. b4 Re4 36. Rda2 Rxb4 37. Rxa6 Rc8 38. Ra8 Rb1+ 39. Kh2 Rxa8 40.
Rxa8+ Kf7 41. Rc8 Rc1 42. Rxc6 d4 43. Kg3 d3 44. Rd6 b4 45. Rxd3 Rc3 46. Re3
Rxe3+ 47. fxe3 b3 48. c6 Ke7 49. Kf4 b2 50. c7 Kd7 51. Kf3 b1=Q 52. Kf2 Kxc7
53. Kf3 Qf1+ 54. Kg3 Qe2 55. Kh2 Qxe3 56. Kh1 Qe1+ 57. Kh2 Kd6 58. g3 Ke5 59.
h4 Ke4 60. h5 Kf3 0-1

[Event "DEM U14 2017"]
[Site "Willingen GER"]
[Date "2017.06.08"]
[Round "7"]
[White "Pahl, Erik"]
[Black "Longo, Massimo"]
[Result "1/2-1/2"]
[Termination "normal"]
[Board "16"]
[WhiteElo "1775"]
[BlackElo "1912"]
[PlyCount "101"]
[WhiteFideId "16201272"]
[BlackFideId "16205227"]
[EventCountry "GER"]
[EventRounds "9"]
[EventType "swiss"]
[EventDate "2017.06.03"]

1. e4 e6 2. d4 d5 3. Nc3 Nf6 4. e5 Nfd7 5. f4 c5 6. Nf3 Nc6 7. Be3 a6 8. Qd2 b5
9. Nd1 Qc7 10. c3 c4 11. Be2 f5 12. exf6 Nxf6 13. Nf2 Be7 14. O-O O-O 15. Rae1
b4 16. Qd1 a5 17. Bc1 Bd7 18. Ne5 Rfb8 19. Bf3 a4 20. Nxc6 Qxc6 21. Qd2 a3 22.
bxa3 b3 23. axb3 cxb3 24. Bb2 Bxa3 25. Ra1 Qd6 26. g3 Bb5 27. Rfe1 Bc4 28. Rab1
Ra6 29. Bxa3 Rxa3 30. Rb2 Rba8 31. Reb1 Ra1 32. Bd1 Rxb1 33. Rxb1 Ra2 34. Qc1
Qb6 35. Qe3 Kf7 36. Ng4 Nxg4 37. Bxg4 b2 38. f5 e5 39. Qxe5 Ra1 40. Bh5+ g6 41.
fxg6+ hxg6 42. Bxg6+ Kxg6 43. Qe8+ Kf6 44. Qf8+ Kg5 45. Qg7+ Kf5 46. Qe5+ Kg4
47. Qf4+ Kh5 48. Qf5+ Kh6 49. Qf8+ Kg6 50. Qe8+ Kg7 51. Qe7+ 1/2-1/2

[Event "DEM U14 2017"]
[Site "Willingen GER"]
[Date "2017.06.08"]
[Round "7"]
[White "Burian, Simon"]
[Black "Gutkin, Ilya"]
[Result "1/2-1/2"]
[Termination "normal"]
[Board "17"]
[WhiteElo "1934"]
[BlackElo "1860"]
[PlyCount "87"]
[WhiteFideId "12956902"]
[BlackFideId "16203470"]
[EventCountry "GER"]
[EventRounds "9"]
[EventType "swiss"]
[EventDate "2017.06.03"]

1. d4 e6 2. Nf3 Nf6 3. g3 b6 4. Bg2 Bb7 5. O-O g6 6. c4 Bg7 7. Nbd2 d6 8. b3
Nbd7 9. Qc2 O-O 10. Bb2 Qe7 11. Rfd1 Rac8 12. Rac1 Rfd8 13. Qb1 c5 14. Ba3 Ne8
15. dxc5 dxc5 16. Bb2 Nb8 17. Nf1 Rxd1 18. Rxd1 Rd8 19. Bxg7 Rxd1 20. Qxd1 Kxg7
21. Qd2 Qd6 22. Qc3+ f6 23. h4 e5 24. g4 Nc6 25. N3d2 Nd4 26. Qd3 Bxg2 27. Kxg2
Qc6+ 28. f3 Nd6 29. e3 Ne6 30. Ng3 Kf7 31. Nde4 Nxe4 32. Nxe4 Ke7 33. Nc3 Nc7
34. h5 Qd7 35. Nd5+ Kf7 36. hxg6+ hxg6 37. Qe4 Ne6 38. f4 exf4 39. exf4 Nd4 40.
Kg3 Qe6 41. Qxe6+ Kxe6 42. Nc7+ Kd6 43. Nd5 Ke6 44. Nc7+ 1/2-1/2

[Event "DEM U14 2017"]
[Site "Willingen GER"]
[Date "2017.06.08"]
[Round "7"]
[White "Mühlpfordt, Thomas"]
[Black "Henning, Marvin"]
[Result "0-1"]
[Termination "normal"]
[Board "18"]
[WhiteElo "1813"]
[BlackElo "1946"]
[PlyCount "80"]
[WhiteFideId "12986623"]
[BlackFideId "12957399"]
[EventCountry "GER"]
[EventRounds "9"]
[EventType "swiss"]
[EventDate "2017.06.03"]

1. e4 d5 2. exd5 Qxd5 3. Nc3 Qd6 4. d4 Nf6 5. Nf3 c6 6. Ne5 Nbd7 7. Nc4 Qc7 8.
Be2 b5 9. Nd2 Nb6 10. Bf3 Bf5 11. Nde4 Rd8 12. Nxf6+ exf6 13. O-O Be7 14. Be3
O-O 15. Qe2 a6 16. Rad1 Bd6 17. g3 Rfe8 18. b3 Re7 19. Rfe1 Rde8 20. Qd2 h6 21.
Ne2 Nd5 22. Bxd5 cxd5 23. c3 Be4 24. Kf1 Qc8 25. Ng1 Qf5 26. Qe2 Bc2 27. Kg2
Bxd1 28. Rxd1 Rc8 29. Qb2 Qe4+ 30. Nf3 g5 31. Qb1 Rxc3 32. Qxe4 dxe4 33. Nd2 f5
34. Nb1 Rc2 35. a3 f4 36. Rc1 Rec7 37. Rxc2 Rxc2 38. Bd2 e3 39. Bc3 Rc1 40.
fxe3 fxe3 0-1

[Event "DEM U14 2017"]
[Site "Willingen GER"]
[Date "2017.06.08"]
[Round "7"]
[White "Lohr, Maximilian"]
[Black "Dietz, Florian"]
[Result "0-1"]
[Termination "normal"]
[Board "19"]
[WhiteElo "1767"]
[BlackElo "1913"]
[PlyCount "66"]
[WhiteFideId "12999717"]
[BlackFideId "12939897"]
[EventCountry "GER"]
[EventRounds "9"]
[EventType "swiss"]
[EventDate "2017.06.03"]

1. e4 c5 2. Nf3 e6 3. d4 cxd4 4. Nxd4 Nf6 5. Nc3 Nc6 6. Be3 Bb4 7. Bd3 d5 8.
Nxc6 bxc6 9. e5 d4 10. Bd2 dxc3 11. bxc3 Ba5 12. exf6 Qxf6 13. O-O Bxc3 14.
Bxc3 Qxc3 15. Qf3 Qc5 16. Rfe1 O-O 17. Re4 a5 18. Qh3 g6 19. Rae1 Ba6 20. Rh4
Qc3 21. Rd1 Qg7 22. g4 Rfd8 23. g5 c5 24. Qf3 Bxd3 25. Rxd3 Rab8 26. Ra3 Qa1+
27. Kg2 Rb1 28. Kh3 Rg1 29. Rf4 Rxg5 30. Rxa5 Qf1+ 31. Kh4 Rh5+ 32. Qxh5 gxh5
33. Kxh5 Qh3+ 0-1

[Event "DEM U14 2017"]
[Site "Willingen GER"]
[Date "2017.06.08"]
[Round "7"]
[White "Meric, Geoffrey"]
[Black "Liebold, Aaron"]
[Result "1/2-1/2"]
[Termination "normal"]
[Board "20"]
[WhiteElo "1879"]
[BlackElo "1746"]
[PlyCount "114"]
[WhiteFideId "26092891"]
[BlackFideId "12997846"]
[EventCountry "GER"]
[EventRounds "9"]
[EventType "swiss"]
[EventDate "2017.06.03"]

1. e4 c5 2. Nf3 d6 3. d4 cxd4 4. Nxd4 Nf6 5. Nc3 a6 6. Be3 b5 7. f3 e5 8. Nb3
Be6 9. Qd2 Be7 10. O-O-O O-O 11. g4 Nbd7 12. g5 Ne8 13. h4 Nb6 14. Na5 Rc8 15.
Nd5 Nxd5 16. exd5 Bxd5 17. Qxd5 Qxa5 18. Kb1 Nc7 19. Qe4 Ne6 20. Bd3 g6 21. h5
Qa4 22. b4 d5 23. Qxe5 Qxb4+ 24. Kc1 Qc3 25. Qxc3 Rxc3 26. f4 Rfc8 27. Rh3 b4
28. Bd2 R3c6 29. Re1 Bd6 30. hxg6 hxg6 31. f5 Nc5 32. f6 Nxd3+ 33. Rxd3 Rxc2+
34. Kb1 Bg3 35. Rh1 Be5 36. Rxd5 Rb2+ 37. Ka1 Rxd2+ 38. Rxe5 Rcd8 39. Ree1 R2d5
40. Rhg1 a5 41. Kb1 a4 42. Rc1 Rb8 43. Rc4 Rbd8 44. Kc1 Rd4 45. Rc2 Rh4 46. Rc7
Rh2 47. Rc2 Rh3 48. Kb2 b3 49. axb3 axb3 50. Rc3 Rxc3 51. Kxc3 Rb8 52. Kb2 Rb5
53. Rg3 Kf8 54. Rxb3 Rxb3+ 55. Kxb3 Ke8 56. Kc4 Kd8 57. Kd4 Kc8 1/2-1/2

[Event "DEM U14 2017"]
[Site "Willingen GER"]
[Date "2017.06.08"]
[Round "7"]
[White "Popist, Florian"]
[Black "Buller, Ian Joshua"]
[Result "1/2-1/2"]
[Termination "normal"]
[Board "21"]
[WhiteElo "1820"]
[BlackElo "1646"]
[PlyCount "62"]
[WhiteFideId "16203518"]
[BlackFideId "12990655"]
[EventCountry "GER"]
[EventRounds "9"]
[EventType "swiss"]
[EventDate "2017.06.03"]

1. e4 c5 2. Nf3 d6 3. d4 cxd4 4. Nxd4 Nf6 5. Nc3 a6 6. Be3 e6 7. f3 b5 8. Qd2
Nbd7 9. g4 b4 10. Nce2 h6 11. Ng3 d5 12. O-O-O Bb7 13. Bd3 Qc7 14. h4 Nc5 15.
e5 Nxd3+ 16. Qxd3 Qxe5 17. f4 Qc7 18. g5 Nd7 19. g6 Nc5 20. Qe2 O-O-O 21. gxf7
Qxf7 22. Nf3 Qc7 23. Bxc5 Qxf4+ 24. Qe3 Qxg3 25. Qxe6+ Kb8 26. Bxf8 Rhxf8 27.
Nd4 Qd6 28. Rhg1 Rg8 29. Qxd6+ Rxd6 30. Nf5 Rdd8 31. Rd4 a5 1/2-1/2

[Event "DEM U14 2017"]
[Site "Willingen GER"]
[Date "2017.06.08"]
[Round "7"]
[White "Tham, Minh"]
[Black "Jungandreas, Tillmann"]
[Result "1-0"]
[Termination "normal"]
[Board "22"]
[WhiteElo "1895"]
[BlackElo "1414"]
[PlyCount "79"]
[WhiteFideId "12997323"]
[BlackFideId "16244664"]
[EventCountry "GER"]
[EventRounds "9"]
[EventType "swiss"]
[EventDate "2017.06.03"]

1. e4 e5 2. Nf3 Nc6 3. Bc4 Bc5 4. c3 Nf6 5. d3 d6 6. Bb3 Be6 7. Nbd2 Qd7 8. Nf1
Ne7 9. Ng3 Ng6 10. O-O O-O 11. h3 h6 12. Re1 Bb6 13. d4 Bxb3 14. Qxb3 exd4 15.
cxd4 Rfe8 16. Qd3 Rad8 17. Bd2 c6 18. Rac1 d5 19. e5 Nh7 20. Nf5 Bc7 21. Bb4
Nf4 22. Qc2 Ng5 23. Nxg5 hxg5 24. Nd6 Bxd6 25. Bxd6 Re6 26. Re3 Rh6 27. Rg3 f6
28. Re1 Re8 29. Qd2 Kf7 30. b4 Reh8 31. Qe3 Re8 32. Qa3 b6 33. Qf3 Qf5 34. Rc1
Rc8 35. exf6 Rxf6 36. Be5 Re6 37. Rg4 Rxe5 38. dxe5 Qxe5 39. g3 Qe2 40. Rxf4+
1-0

[Event "DEM U14 2017"]
[Site "Willingen GER"]
[Date "2017.06.08"]
[Round "7"]
[White "Kölle, Tobias"]
[Black "Waffenschmidt, Lars"]
[Result "1-0"]
[Termination "normal"]
[Board "23"]
[WhiteElo "2069"]
[BlackElo "1810"]
[PlyCount "61"]
[WhiteFideId "16207378"]
[BlackFideId "16244656"]
[EventCountry "GER"]
[EventRounds "9"]
[EventType "swiss"]
[EventDate "2017.06.03"]

1. Nf3 Nf6 2. d4 e6 3. c4 b6 4. Nc3 Bb4 5. Bg5 h6 6. Bh4 g5 7. Bg3 Ne4 8. Qc2
Bb7 9. e3 Bxc3+ 10. bxc3 d6 11. Bd3 f5 12. h4 g4 13. Nh2 Nxg3 14. fxg3 Nd7 15.
O-O Nf6 16. Bxf5 Qe7 17. Bxe6 Be4 18. Qa4+ b5 19. Qxb5+ c6 20. Qa4 Qxe6 21. d5
Qe5 22. Qxc6+ Ke7 23. Rxf6 Qxf6 24. Qb7+ Ke8 25. Qxa8+ Kf7 26. Qxa7+ Kg6 27.
Rf1 Bf5 28. e4 Rf8 29. exf5+ Kh5 30. Qd4 Qe5 31. Qxg4# 1-0

[Event "DEM U14 2017"]
[Site "Willingen GER"]
[Date "2017.06.08"]
[Round "7"]
[White "Jeschke, Jan"]
[Black "Biermann, Lenhard"]
[Result "0-1"]
[Termination "normal"]
[Board "24"]
[WhiteElo "1284"]
[BlackElo "1879"]
[PlyCount "106"]
[WhiteFideId "16225430"]
[BlackFideId "12970077"]
[EventCountry "GER"]
[EventRounds "9"]
[EventType "swiss"]
[EventDate "2017.06.03"]

1. e4 e6 2. d4 d5 3. Nd2 Nf6 4. e5 Nfd7 5. Bd3 c5 6. c3 Nc6 7. Ne2 cxd4 8. cxd4
f6 9. exf6 Nxf6 10. Nf3 Bd6 11. O-O Qc7 12. Bg5 O-O 13. Bh4 Nh5 14. Bg3 Nxg3
15. hxg3 g6 16. Rc1 Qg7 17. Bb1 Bd7 18. Re1 Rf6 19. a3 Raf8 20. Rc3 Kh8 21. Re3
Bc7 22. Nc3 Bb6 23. Na4 Nxd4 24. Nxb6 Nxf3+ 25. Rxf3 axb6 26. Rxf6 Qxf6 27. Qe2
Qd4 28. Qe5+ Qxe5 29. Rxe5 Rc8 30. Re1 Kg7 31. f4 h5 32. Bd3 Kf6 33. Kf2 Rc7
34. Ke3 Ba4 35. Kd4 Rc6 36. Re2 Bd1 37. Rd2 Bg4 38. Rc2 Bf5 39. Rxc6 bxc6 40.
Be2 c5+ 41. Kc3 Be4 42. Bf3 Bxf3 43. gxf3 e5 44. fxe5+ Kxe5 45. Kd3 g5 46. b4
c4+ 47. Kc3 b5 48. g4 d4+ 49. Kd2 h4 50. a4 bxa4 51. b5 h3 52. b6 Kd6 53. f4 h2
0-1